00583 2200205 4500001002100000005001700021008004100038035002400079082001100103090001800114100003600132245006800168260002500236300002600261500002700287650002700314850001500341985000600356999001500362YOGYA-0209000003019620090227024445.0 ind  0010-020900000030196 a616.99 a616.99bSet K aSETJADININGRAT ( TAN KING POO ) aKangker paru di Indonesiacoleh Setjadiningrat ( Tan King Poo ) aJakartabKintac1978 a...jilidbilusc24 cm ayang diterima : jil. 1 aKanker paru - penyakit aYOPDYOG(B) a1 ab000009514